|
|
|
|
| LEADER |
00966nam a22002417a 4500 |
| 001 |
AAL7874 |
| 003 |
BD-DhAAL |
| 005 |
20160302110349.0 |
| 008 |
160302m20121978bg ||||| |||| 001 0 ben d |
| 020 |
|
|
|a 9847015602406
|
| 040 |
|
|
|a BD-DhAAL
|c BD-DhAAL
|
| 082 |
|
|
|a 180
|
| 100 |
|
|
|a ইসলাম, আমিনূল
|9 18291
|
| 245 |
|
|
|a পাশ্চাত্য দর্শন :
|b প্রাচীন ও মধ্যযুগ /
|c আমিনূল ইসলাম
|
| 260 |
|
|
|a ঢাকা :
|b মাওলা ব্রাদার্স,
|c ২০১২
|
| 300 |
|
|
|a ৩০০ পৃ. ;
|c ২২ সে.মি.
|
| 500 |
|
|
|a Includes index
|
| 541 |
|
|
|e 7874
|
| 650 |
|
|
|a Philosophy, Ancient.
|9 18292
|
| 852 |
|
|
|a Savar Campus Library
|c General Shelf
|
| 942 |
|
|
|2 ddc
|c BK
|
| 999 |
|
|
|c 36998
|d 36998
|
| 952 |
|
|
|0 0
|1 0
|2 ddc
|4 0
|6 180_000000000000000_ISL
|7 0
|9 58245
|a SCL
|b SCL
|c GEN
|d 2016-03-02
|g 250.00
|l 1
|m 1
|o 180 ISL
|p 3020007874
|r 2022-11-03
|s 2022-10-25
|t 1
|w 2016-03-02
|y BK
|